[Event "New Delhi Parsvnath blitz op 18th"]
[Site "New Delhi"]
[Date "2020.01.14"]
[Round "6"]
[White "Mohapatra, Pratyush"]
[Black "Kavya, Aggarwal"]
[Result "1-0"]
[WhiteElo "1495"]
[BlackElo "1757"]
[PlyCount "57"]
[EventDate "2020.01.14"]
[EventType "swiss (blitz)"]
[EventRounds "9"]
[EventCountry "IND"]
[SourceTitle "CBM 194 Extra"]
[Source "ChessBase"]
[SourceDate "2020.03.31"]
[SourceVersion "1"]
[SourceVersionDate "2020.03.31"]
[SourceQuality "1"]

1. d4 Nf6 2. c4 g6 3. Nc3 d5 4. cxd5 Nxd5 5. e4 Nxc3 6. bxc3 Bg7 7. Bc4 c5 8. Ne2 Nc6 9. Be3 0-0 10. Rc1 Bg4 11. f3 Na5 12. Bd3 Be6 13. d5 Bd7 14. Bxc5 Rc8 15. Bd4 Nc4 16. Qb3 b5 17. Bxa7 Qa5 18. Bd4 e6 19. 0-0 exd5 20. exd5 Nd2 21. Qb2 Nxf1 22. Kxf1 Bxd4 23. Nxd4 b4 24. c4 Ra8 25. Bb1 Rfc8 26. Nb3 Qa3 27. Qxa3 Rxa3 28. c5 Ba4 29. c6 1-0

[Event "Bhubaneswar Pillai Memorial"]
[Site "Bhubaneswar"]
[Date "2016.11.24"]
[Round "10"]
[White "Sai, Shravan R"]
[Black "Mohapatra, Pratyush"]
[Result "1-0"]
[WhiteElo "1436"]
[BlackElo "1371"]
[PlyCount "57"]
[EventDate "2016.11.20"]
[EventType "swiss"]
[EventRounds "11"]
[EventCountry "IND"]
[SourceTitle "CBM 175 Extra"]
[Source "ChessBase"]
[SourceDate "2016.12.12"]
[SourceVersion "1"]
[SourceVersionDate "2016.12.12"]
[SourceQuality "1"]

1. e4 d5 2. exd5 Qxd5 3. Nc3 Qa5 4. Bc4 Nf6 5. d3 Bf5 6. Bd2 c6 7. Qe2 Qc7 8. Nf3 e6 9. 0-0 Be7 10. Rae1 0-0 11. Nd4 Bg6 12. Nxe6 fxe6 13. Qxe6+ Rf7 14. Qxe7 Nbd7 15. Bxf7+ Bxf7 16. Qe3 Nf8 17. Ne4 Nd5 18. Qg3 Qb6 19. c4 Nb4 20. Nf6+ Kh8 21. Bc3 Ng6 22. Nh5 Nxa2 23. Bxg7+ Kg8 24. Bh6 c5 25. Qg5 Kh8 26. Re7 Rc8 27. Rxf7 Rc7 28. Qd8+ Nf8 29. Qxf8# 1-0